00762 2200253 4500001002100000005001700021008004100038020002200079035002400101040001200125082001100137084001700148100001100165245013500176250001800311260003300329300002500362500002700387650002900414700001900443850001200462990001700474990001700491YOGYA-0209000006980420160810172646.0 ind  a978-979-756-331-8 0010-020900000069804 aYOPDYOG a005.74 a005.74 Sug P aSUGIRI aPengelolaan database mysqol dengan phpmyadminbefisiensi perintah, mempercepat proses, memperindah tanpilancSugiri, Haris-Saputro aEd. 1, cet. 1 aYogyakartabGraha Ilmuc2008 a134 hlmbilusc23 cm aBibliografi : hlm. 135 aMySQL (Program komputer) aSaputro, Haris aYOPDYOG a1831-PD/P.08 a1833-PD/P.08